Sociologie des groupes professionnels (notice n° 1568795)

détails MARC
000 -LEADER
fixed length control field 01236cam a2200133 4500500
005 - DATE AND TIME OF LATEST TRANSACTION
control field 20251214005342.0
041 ## - LANGUAGE CODE
Language code of text/sound track or separate title fre
042 ## - AUTHENTICATION CODE
Authentication code dc
100 10 - MAIN ENTRY--PERSONAL NAME
Personal name Vezinat, Nadège
Relator term author
245 00 - TITLE STATEMENT
Title Sociologie des groupes professionnels
260 ## - PUBLICATION, DISTRIBUTION, ETC.
Name of publisher, distributor, etc. Armand Colin,<br/>
Date of publication, distribution, etc. 2016.<br/>
520 ## - SUMMARY, ETC.
Summary, etc. Comment se saisir de groupes professionnels plus ou moins constitués, légitimes ou prestigieux ? Comment mobiliser une sociologie des groupes professionnels pour analyser les moments de structuration et de déstructuration qui les affectent ? Ce livre présente les grandes manières d’appréhender les groupes professionnels en rassemblant les différents auteurs que compte ce domaine de la sociologie. En ce qu’ils sont partie prenante de la structure sociale à laquelle ils appartiennent, les groupes professionnels peuvent être étudiés au regard de leur puissance excluante ou intégratrice, des stratégies de différenciation qu’ils mettent en œuvre, des protections et soutiens dont ils disposent, des différentes formes de gouvernance qui les régulent ou encore des menaces qui les entourent.
856 41 - ELECTRONIC LOCATION AND ACCESS
Uniform Resource Identifier <a href="https://shs.cairn.info/sociologie-des-groupes-professionnels--9782200611910?lang=fr&redirect-ssocas=7080">https://shs.cairn.info/sociologie-des-groupes-professionnels--9782200611910?lang=fr&redirect-ssocas=7080</a>

Pas d'exemplaire disponible.

PLUDOC

PLUDOC est la plateforme unique et centralisée de gestion des bibliothèques physiques et numériques de Guinée administré par le CEDUST. Elle est la plus grande base de données de ressources documentaires pour les Étudiants, Enseignants chercheurs et Chercheurs de Guinée.

Adresse

627 919 101/664 919 101

25 boulevard du commerce
Kaloum, Conakry, Guinée

Réseaux sociaux

Powered by Netsen Group @ 2025